Quizzes
Events
Quiz Creation
Community
Videos
Private Events
Remove Ads
Sign In
Join for FREE
Feedback
Dark Mode
Quiz Categories
Sports
Geography
Music
Movies
Television
Just For Fun
Miscellaneous
History
Literature
Language
Science
Gaming
Entertainment
Religion
Holiday
For Kids
Quiz Lab
Recent
Popular Today
Quiz Kudos Today
Editor Picks
Curator Picks
Quizzes by...
Day
Popularity
Type
Ratings
Length
Year
Community
Subscriptions
Recent Discussions
Orange Saloon
Badges
Playlists
Quests
Create
Leaderboards
Showdown
Live 5
Trivia Bingo
Activity
Puzzle Library
Sporcle Events
Private Events
Virtual Trivia
Globe League
Become a Host
Pub Owners
SporcleCon
Opinionation
Our Games
Videos
Blog
Mobile Apps
Partnerships
Remove Ads and Go Orange
Feedback
Sports
Athletes
MLB
NBA
NHL
NFL
Soccer
Sports Teams
WWE
NCAA
Football
Premier League
Basketball
Baseball
Hockey
Golf
Tennis
Cricket
Rugby
Auto Racing
Olympics
World Cup
Sports
Athletes
MLB
NBA
NHL
NFL
Soccer
Sports Teams
WWE
NCAA
Football
Premier League
Basketball
Baseball
Hockey
Golf
Tennis
Cricket
Rugby
Auto Racing
Olympics
World Cup
Random Quiz
Search Sporcle
×
Quiz Lab
Quiz Lab
Sports
Capital
Type in answers that appear in a list
Type in answers that appear in a list
Classic
Best Score? Go Orange.
All time Washington Capitals leaders Stats
Can you name the All time Washington Capitals leaders?
By
RingoLouis
7m
50 Questions
239 Plays
239 Plays
239 Plays
Comments
Comments
Give Quiz Kudos
Give Quiz Kudos
-
- Ratings
hide this ad
Replay
Link that replays current quiz
Next Quiz
Link to next quiz in quiz playlist
You Got
0%
They Got
Avg Score
46%
Avg Friend Score
Upgrade to see
Score Distribution
Jump to the score distribution portion of the page
Score
0/50
Timer
07:00
0
Plays Today
Years
Player
% Correct
2005-
Alexander Ovechkin
98.7%
1990-
2004
Peter Bondra
96.2%
2007-
Nicklas Backstrom
91.1%
2003-
Alexander Semin
88.6%
2005-
Mike Green
87.3%
1976-
1982
Richard Green
86.5%
1987-
1999
Dale Hunter
77.2%
2001-
2004
Jaromir Jagr
75.5%
2002-
2004
Robert Lang
75.1%
1979-
1989
Mike Gartner
73.8%
1982-
1993
Rod Langway
71.7%
1996-
2002
Adam Oates
69.2%
1988-
2003
Calle Johansson
62.4%
1994-
2004
Sergei Gonchar
62%
1982-
1990
Scott Stevens
61.6%
2003-
Brooks Laich
60.8%
1986-
1999
Michael Pivonka
58.6%
1984-
1994
Kevin Hatcher
57%
1986-
1994
Mike Ridley
53.2%
1978-
1983
Dennis Maruk
51.5%
1988-
1992
Dino Ciccarelli
50.6%
1993-
1999
Joseph Juneau
49.4%
1986-
1999
Kelly Miller
48.5%
1981-
1993
Bobby Carpenter
47.3%
1990-
1994
Albert Iafrate
44.3%
Years
Player
% Correct
1991-
2003
Sylvain Cote
43.9%
1991-
2004
Steve Konowalchuk
41.8%
1979-
1989
Bengt Gustafsson
39.7%
1983-
1989
Larry Murphy
39.2%
1999-
2006
Jeff Halpern
38.8%
1983-
1990
Dave Christian
38%
1982-
1988
Craig Laughlin
36.3%
1990-
2002
Dmitri Khristich
32.1%
1995-
2007
Richard Zednik
31.6%
2005-
Tomas Fleischmann
27%
1996-
2003
Chris Simon
26.2%
2000-
2007
Dainius Zubrus
25.3%
1978-
1982
Ryan Walter
24.9%
1988-
1990
Geoff Courtnall
24.1%
1981-
1989
Robert Gould
22.8%
1976-
1981
Guy Charron
19.8%
1982-
1987
Alan Haworth
17.7%
1981-
1987
Gaetan Duchesne
16.9%
1996-
2002
Andrei Nikolishin
14.8%
1983-
1988
Gregory Adams
14.8%
1999-
2002
Ulf Dahlen
11.4%
1980-
1986
Darren Veitch
10.5%
1977-
1980
Robert Picard
10.1%
1975-
1980
Robert Sirois
3.8%
1975-
1979
Gerry Meehan
2.5%
Quiz Playlist
Details
Report
Send in Message
Add To Playlist
Classic:
Type in answers that appear in a list
Last Updated: Feb 16, 2017
Quiz Scoreboard
CHALLENGE
Sign Up to Join the Scoreboard
Show All
Scores
Hide
Comments
May contain spoilers
Recently Published
NBA Finals Game Top Scorers (2010s)
by flibbidy
Sports
5m
Guess the 'R' Things in 3 Words
by MSUKent
Miscellaneous
3m
Actor to Badly Drawn Movie III
by MoMosMoProblems
Movies
5m
More to Explore
Quiz From the Vault
Featured Blog Post
Where Does Lost Luggage Go?
hide this ad
You Might Also Like...
Tags
Capital Quiz
Player
point
Washington
Washington Capitals
Today's Top Quizzes in Sports
Browse Sports
hide this ad
Today's Top Quizzes in Capital
Browse Capital
Top Contributed Quizzes in Sports
1
Les joueurs à 100 buts en Ligue 1 Uber Eats
2
2022 World Cup Stars
3
Millionaire: NBA Finals Edition
4
2024 March Madness Bracket
5
Players with Multiple 50 Home Run Seasons
6
Criteria MLB: Left Handed Sluggers
7
Nickname Match: Athletes VI
8
Iconic Moments in Football - Multiple Choice
9
NFL MVPs ordered
10
NBA Championships Per City
Explore More
Trending Topics
Anime
Disney
Kpop
Crossword
NBA
Marvel
Harry Potter
Country
Pokémon
Song
The Office
Soccer
WWE
NFL
Puzzle
hide this ad
More By:
RingoLouis
Quiz
Plays
Rating
Category
Featured
Created
Asia city 5,000,000+ (City's population)
744
2.80
Geography
Oct 5, 2010
Most populous US cities 1st letter D
514
3.90
Geography
Oct 6, 2010
Most populous US cities 1st letter B
429
3.60
Geography
Oct 6, 2010
Most Populous US city's state Oceans
377
2.06
Geography
Feb 25, 2011
Most populous US cities 1st letter A
371
3.50
Geography
Oct 6, 2010
Go to Creator's Profile
Score Distribution
Quiz Creator Spotlight
RingoLouis
Follow
Send a Message
Quizzes Created
-
Created Quiz Play Count
-
More By This Creator
Popular Quizzes Today
1
Find the US States - No Outlines Minefield
2
Find the US States
3
The Countries of the World
4
10 Largest US States in Order
5
Find the Countries of Europe - No Outlines Minefield
6
US States
7
Guess the 'R' Things in 3 Words
8
NBA Finals Game Top Scorers (2010s)
More Sports Quizzes
Test Cricket Countries
Published
Trending Quizzes
First Name TV: Leading Men
Match the Book to the Film II
First Name TV: Leading Women Drama
Match the Book to the Film VI
Pick A Pair: Religious TV
Recently Updated
Women's Final Four Teams by Year
bhenderson79
Presidents Quartet II
eogle
Anything But Clue(do)
eogle
Anything But Oceanian Capitals
eogle
Anything But 7
eogle
Anything But Thing
eogle
Word Ladder: February 29
pecheneg
Song Title Questions
pecheneg
Women's NCAA Tournament #1 Seeds
pecheneg
Celebrity Mug Shots
pecheneg
Trending Topics
Crossword
Kpop
Disney
NBA
Harry Potter
Marvel
Anime
Puzzle
Soccer
Pokémon
Country
The Office
NFL
WWE
Song
Your Account Isn't Verified!
In order to create a playlist on Sporcle, you need to verify the email address you used during registration. Go to your
Sporcle Settings
to finish the process.
Report this User
Report this user for behavior that violates our
Community Guidelines
.
Details:
Send Report
Go to the Sporcle.com Mobile Site →
Comments